000 00439pab a2200157 454500
008 180718b2000 xxu||||| |||| 00| 0 eng d
100 _aOyugi, Walter O.
245 _aDecentralization for good governance and development: the unending debate
260 _c2000
300 _ap.III-XIX
362 _aSpring
650 _aDecentralization
650 _aPublic administration
773 _aRegional Development Dialogue
909 _a45668
999 _c45668
_d45668